000 00391nam a2200157Ia 4500
003 OSt
005 20240219123118.0
008 170524s9999 xx 000 0 und d
020 _a978-93-5097-911-2
040 _cIIMT UNIVERSITY
100 _aSRIVASTAVA R M
100 _c2012
245 0 _aMANAGEMENT OF INDIAN FINANCIAL INSTITUTIONS
260 _aHIMALAYA PUBLICATION
942 _2ddc
_c01
999 _c2943
_d2943